[Event "Madrid ch 2021-2022 - Previa A"]
[Site "Madrid ESP"]
[Date "2022.03.15"]
[Round "5.4"]
[White "Camarero Izquierdo, Juan Carlos"]
[Black "Lopez de Turiso, Jose Angel"]
[Result "0-1"]
[WhiteElo "1861"]
[BlackElo "1935"]
[PlyCount "64"]
[EventDate "2022.03.07"]
[EventType "swiss"]
[EventRounds "9"]
[EventCountry "ESP"]
[SourceTitle "Ajedrez en Madrid"]
[Source "lmi"]
[SourceDate "2022.03.07"]
[SourceVersion "1"]
[SourceVersionDate "2022.04.04"]
[SourceQuality "1"]

1. d4 Nf6 2. Nc3 d5 3. Bg5 c5 4. e4 Nxe4 5. Nxe4 dxe4 6. d5 Qb6 7. b3 Bf5 8.
Ne2 h6 9. Bf4 Nd7 10. Nc3 g5 11. Bc1 Bg7 12. Bb2 a6 13. Qd2 Be5 14. Na4 Qf6 15.
Bxe5 Qxe5 16. Rd1 Bg4 17. Rb1 f5 18. Be2 Bxe2 19. Qxe2 b5 20. Qh5+ Kf8 21. Nb2
Qc3+ 22. Kd1 Kg7 23. Kc1 Nf6 24. Qe2 Nxd5 25. Nd1 Qd4 26. h4 Rad8 27. hxg5 hxg5
28. Rh5 Nf4 29. Rxg5+ Kf6 30. Rxf5+ Kxf5 31. Ne3+ Kf6 32. Qg4 Rh1+ 0-1

[Event "Madrid ch 2021-2022 - Previa A"]
[Site "Madrid ESP"]
[Date "2022.03.15"]
[Round "5.5"]
[White "Marcos Herrero, Francisco"]
[Black "Ramos Antona, Enrique"]
[Result "1-0"]
[WhiteElo "1897"]
[BlackElo "1512"]
[PlyCount "61"]
[EventDate "2022.03.07"]
[EventType "swiss"]
[EventRounds "9"]
[EventCountry "ESP"]
[SourceTitle "Ajedrez en Madrid"]
[Source "lmi"]
[SourceDate "2022.03.07"]
[SourceVersion "1"]
[SourceVersionDate "2022.04.04"]
[SourceQuality "1"]

1. c4 c5 2. Nc3 Nc6 3. g3 Nf6 4. Bg2 e6 5. Nf3 Be7 6. O-O O-O 7. d4 cxd4 8.
Nxd4 a6 9. e4 Qc7 10. Be3 Nxd4 11. Bxd4 e5 12. Be3 Bc5 13. Bg5 Be7 14. Rc1 Qd8
15. Qb3 Rb8 16. Rfd1 d6 17. c5 Be6 18. Qa3 Ne8 19. Bxe7 Qxe7 20. cxd6 Qd7 21.
Na4 b6 22. Nc3 Qb7 23. Nd5 Bxd5 24. Rxd5 Rd8 25. Bh3 f6 26. Qd3 g6 27. Qc4 Kg7
28. d7 b5 29. Qc5 Nd6 30. Qxd6 f5 31. exf5 1-0

[Event "Madrid ch 2021-2022 - Previa A"]
[Site "Madrid ESP"]
[Date "2022.03.15"]
[Round "5.6"]
[White "Palomo Monserrat, Lorenzo"]
[Black "Carrera Cabaneros, Francisco"]
[Result "1-0"]
[WhiteElo "1645"]
[BlackElo "1805"]
[PlyCount "105"]
[EventDate "2022.03.07"]
[EventType "swiss"]
[EventRounds "9"]
[EventCountry "ESP"]
[SourceTitle "Ajedrez en Madrid"]
[Source "lmi"]
[SourceDate "2022.03.07"]
[SourceVersion "1"]
[SourceVersionDate "2022.04.04"]
[SourceQuality "1"]

1. d4 d5 2. c4 c6 3. cxd5 cxd5 4. Nc3 Nf6 5. Bf4 Nc6 6. e3 e6 7. Bd3 Bd6 8.
Bxd6 Qxd6 9. Nf3 a6 10. O-O O-O 11. a3 b5 12. b4 Bb7 13. Qe2 Rac8 14. Rac1 Rfe8
15. Rfd1 h6 16. h3 Re7 17. Qb2 Rec7 18. Nd2 e5 19. dxe5 Nxe5 20. Nb3 Nxd3 21.
Rxd3 Qe5 22. Nc5 Nd7 23. Nxb7 Rxb7 24. Rxd5 Qf6 25. Qd2 Nb6 26. Rd6 Qe5 27.
Rd8+ Rxd8 28. Qxd8+ Kh7 29. Qd3+ Kg8 30. Qd8+ Kh7 31. Qd3+ Kg8 32. Qe4 Re7 33.
Qxe5 Rxe5 34. Rd1 Nc4 35. Rd8+ Kh7 36. Ra8 Re6 37. a4 Rb6 38. axb5 axb5 39. Ra7
Nd6 40. Ra5 Kg6 41. g4 f6 42. Kg2 Kf7 43. Kf3 g5 44. Ra7+ Kg6 45. Nd5 Rb7 46.
Rxb7 Nxb7 47. Ke4 Nd6+ 48. Kd4 f5 49. Ne7+ Kf6 50. Nxf5 Nxf5+ 51. gxf5 Kxf5 52.
Kd5 g4 53. h4 1-0

[Event "Madrid ch 2021-2022 - Previa A"]
[Site "Madrid ESP"]
[Date "2022.03.15"]
[Round "5.7"]
[White "Guardiola Sevilla, Antonio"]
[Black "Balsera Gomez, Antonio"]
[Result "1/2-1/2"]
[WhiteElo "1733"]
[BlackElo "1414"]
[PlyCount "88"]
[EventDate "2022.03.07"]
[EventType "swiss"]
[EventRounds "9"]
[EventCountry "ESP"]
[SourceTitle "Ajedrez en Madrid"]
[Source "lmi"]
[SourceDate "2022.03.07"]
[SourceVersion "1"]
[SourceVersionDate "2022.04.04"]
[SourceQuality "1"]

1. e4 c5 2. Nf3 g6 3. d4 cxd4 4. Nxd4 Bg7 5. Nc3 Nc6 6. Be3 Nf6 7. Qd2 O-O 8.
Be2 d5 9. exd5 Nxd5 10. Nxd5 Qxd5 11. Bf3 Qc4 12. Nxc6 bxc6 13. Be2 Qa4 14. c3
Ba6 15. Bxa6 Qxa6 16. Qe2 Qxe2+ 17. Kxe2 Rab8 18. Rab1 Rb7 19. Kd3 f5 20. f4 e5
21. fxe5 Bxe5 22. g3 Re8 23. Rhf1 Rd7+ 24. Ke2 Rde7 25. Kf3 Bd6 26. Rbe1 Bc5
27. Bd2 Rxe1 28. Rxe1 Rxe1 29. Bxe1 Kf7 30. b4 Bb6 31. a4 Ke6 32. a5 Bc7 33.
Ke3 Kd5 34. Kd3 g5 35. c4+ Ke6 36. a6 f4 37. Bf2 Bb8 38. Ke4 fxg3 39. hxg3 h5
40. b5 cxb5 41. cxb5 h4 42. gxh4 gxh4 43. Bxh4 Kd6 44. Kd4 Bc7 1/2-1/2

[Event "Madrid ch 2021-2022 - Previa A"]
[Site "Madrid ESP"]
[Date "2022.03.15"]
[Round "5.8"]
[White "Hernandez Gutierrez, Jose"]
[Black "Esteban Amo, Jose M."]
[Result "1-0"]
[WhiteElo "1732"]
[BlackElo "1874"]
[PlyCount "65"]
[EventDate "2022.03.07"]
[EventType "swiss"]
[EventRounds "9"]
[EventCountry "ESP"]
[SourceTitle "Ajedrez en Madrid"]
[Source "lmi"]
[SourceDate "2022.03.07"]
[SourceVersion "1"]
[SourceVersionDate "2022.04.04"]
[SourceQuality "1"]

1. d4 f5 2. Bg5 h6 3. Bh4 g5 4. e3 Nf6 5. Bg3 d6 6. Nc3 Bg7 7. h4 g4 8. h5 Be6
9. Nge2 Bf7 10. Nf4 Nc6 11. Bd3 Qd7 12. Bb5 a6 13. Ba4 b5 14. Bb3 Bxb3 15. axb3
O-O 16. d5 Nd8 17. Qd3 c6 18. Bh4 cxd5 19. Bxf6 Bxf6 20. Qxd5+ Nf7 21. Ne6 Be5
22. Nxf8 Rxf8 23. Rxa6 e6 24. Qc6 Qe7 25. Nxb5 Nd8 26. Qb6 Nf7 27. Ra7 Qf6 28.
c3 d5 29. Nd4 Ng5 30. O-O Kh8 31. Rfa1 Nf3+ 32. Nxf3 gxf3 33. Qb7 1-0

[Event "Madrid ch 2021-2022 - Previa A"]
[Site "Madrid ESP"]
[Date "2022.03.15"]
[Round "5.10"]
[White "Barahona Torrijos, Angel"]
[Black "Sotoca Aguado, Jose"]
[Result "0-1"]
[WhiteElo "1822"]
[BlackElo "1819"]
[PlyCount "80"]
[EventDate "2022.03.07"]
[EventType "swiss"]
[EventRounds "9"]
[EventCountry "ESP"]
[SourceTitle "Ajedrez en Madrid"]
[Source "lmi"]
[SourceDate "2022.03.07"]
[SourceVersion "1"]
[SourceVersionDate "2022.04.04"]
[SourceQuality "1"]

1. e4 e6 2. d4 d5 3. Nc3 Nf6 4. e5 Nfd7 5. Nce2 c5 6. c3 Nc6 7. f4 Qb6 8. Nf3
Be7 9. a3 c4 10. f5 exf5 11. Nf4 Qa5 12. e6 Nf6 13. exf7+ Kxf7 14. Ne5+ Nxe5
15. dxe5 Ng4 16. Qd4 Be6 17. Nxe6 Kxe6 18. Be2 Qc5 19. Bxg4 Qxd4 20. Bxf5+ Kxf5
21. cxd4 Ke4 22. O-O Kxd4 23. Bd2 Rhf8 24. Bc3+ Kd3 25. Rad1+ Kc2 26. Rd2+ Kb3
27. Rxd5 a6 28. Rd7 Bc5+ 29. Bd4 Bxd4+ 30. Rxd4 Rxf1+ 31. Kxf1 Re8 32. Rd7 b5
33. Ke2 Kxb2 34. Rd5 Kxa3 35. Kd2 Kb3 36. Ke3 Kc3 37. Ke4 b4 38. Rc5 b3 39. Kd5
Rd8+ 40. Kc6 b2 0-1

[Event "Madrid ch 2021-2022 - Previa A"]
[Site "Madrid ESP"]
[Date "2022.03.15"]
[Round "5.11"]
[White "Gueler Berdasco, Martin"]
[Black "Bengoa Moreno, Oscar"]
[Result "1-0"]
[WhiteElo "1957"]
[BlackElo "1629"]
[PlyCount "109"]
[EventDate "2022.03.07"]
[EventType "swiss"]
[EventRounds "9"]
[EventCountry "ESP"]
[SourceTitle "Ajedrez en Madrid"]
[Source "lmi"]
[SourceDate "2022.03.07"]
[SourceVersion "1"]
[SourceVersionDate "2022.04.04"]
[SourceQuality "1"]

1. c4 c5 2. g3 d6 3. Bg2 Nf6 4. Nc3 g6 5. Nf3 Bg7 6. d4 cxd4 7. Nxd4 a6 8. b3
O-O 9. Bb2 Qc7 10. Rc1 Nc6 11. Nd5 Qd8 12. Nxc6 bxc6 13. Nxf6+ Bxf6 14. Bxf6
exf6 15. Bxc6 Qa5+ 16. Qd2 Qxd2+ 17. Kxd2 Rb8 18. Rhd1 Be6 19. Ke1 Rfd8 20. Rd4
Kf8 21. Rcd1 Ke7 22. R1d3 h5 23. Kd2 a5 24. Kc3 f5 25. Bd5 Rbc8 26. a3 Rc7 27.
Rd2 Rcc8 28. b4 axb4+ 29. axb4 Rc7 30. b5 Rc5 31. Kb4 Rdc8 32. Bc6 Rb8 33. Bd5
Rbc8 34. Bxe6 fxe6 35. b6 R5c6 36. Kb5 Kd7 37. Ka6 Rb8 38. c5 d5 39. Ka7 Kc8
40. Rc2 Rb7+ 41. Ka8 Re7 42. Rb4 Rb7 43. Rb5 e5 44. e3 d4 45. exd4 exd4 46. Re2
Rb8+ 47. Ka7 Rb7+ 48. Ka8 Rb8+ 49. Ka7 Rb7+ 50. Ka6 Rd7 51. Re8+ Rd8 52. Rxd8+
Kxd8 53. Ka7 Rc8 54. b7 Rc7 55. Kb6 1-0

[Event "Madrid ch 2021-2022 - Previa A"]
[Site "Madrid ESP"]
[Date "2022.03.15"]
[Round "5.12"]
[White "Bolea Olivan, Jose Angel"]
[Black "Sanchez Arriola, Ignacio"]
[Result "0-1"]
[WhiteElo "1810"]
[BlackElo "1596"]
[PlyCount "80"]
[EventDate "2022.03.07"]
[EventType "swiss"]
[EventRounds "9"]
[EventCountry "ESP"]
[SourceTitle "Ajedrez en Madrid"]
[Source "lmi"]
[SourceDate "2022.03.07"]
[SourceVersion "1"]
[SourceVersionDate "2022.04.04"]
[SourceQuality "1"]

1. d4 d5 2. c4 c6 3. Nc3 Nf6 4. e3 e6 5. Nf3 Be7 6. Be2 dxc4 7. a4 Bb4 8. Bxc4
Nd5 9. Qc2 Nd7 10. e4 Ne7 11. O-O O-O 12. Bg5 h6 13. Bh4 Qe8 14. Bg3 Ng6 15.
Rad1 Nf6 16. Ne2 Nh5 17. Ne1 Nxg3 18. hxg3 Qe7 19. Nd3 Ba5 20. e5 Rd8 21. Nc5
Bb6 22. Bd3 Nf8 23. b4 Bc7 24. b5 cxb5 25. axb5 Bb6 26. Be4 Rb8 27. Na4 Ba5 28.
d5 exd5 29. Bxd5 Be6 30. Be4 Rbc8 31. Qb1 Bc4 32. Rxd8 Rxd8 33. Qc2 Bxb5 34. f4
Rd2 35. Qb3 Bxe2 36. Rc1 b6 37. Nc3 Bxc3 38. Qxc3 Rd1+ 39. Rxd1 Bxd1 40. Qd4
Qc5 0-1

[Event "Madrid ch 2021-2022 - Previa A"]
[Site "Madrid ESP"]
[Date "2022.03.15"]
[Round "5.13"]
[White "Martin Sanchez, Pablo"]
[Black "Villodre Miranda, Juan Alonso"]
[Result "1-0"]
[WhiteElo "1766"]
[BlackElo "1563"]
[PlyCount "83"]
[EventDate "2022.03.07"]
[EventType "swiss"]
[EventRounds "9"]
[EventCountry "ESP"]
[SourceTitle "Ajedrez en Madrid"]
[Source "lmi"]
[SourceDate "2022.03.07"]
[SourceVersion "1"]
[SourceVersionDate "2022.04.04"]
[SourceQuality "1"]

1. e4 e5 2. Nf3 d6 3. d4 exd4 4. Nxd4 Nc6 5. Nc3 Nxd4 6. Qxd4 Nf6 7. Bc4 Be6 8.
Bb3 Be7 9. O-O O-O 10. f4 Bxb3 11. axb3 Nd7 12. Rxa7 Rb8 13. Nd5 Nb6 14. c4
Nxd5 15. exd5 Bf6 16. Qd3 Re8 17. Ra2 Qd7 18. Bd2 b5 19. Bc3 Bxc3 20. bxc3 bxc4
21. bxc4 Qe7 22. h3 f6 23. Raf2 Qe3 24. Rd1 Rb3 25. Qxe3 Rxe3 26. Rd4 Rexc3 27.
Re2 Kf7 28. Rde4 Rb1+ 29. Kf2 Rd1 30. f5 g5 31. Re7+ Kf8 32. Rxc7 Rb1 33. Ra2
Rb8 34. Rxh7 Kg8 35. Rc7 Re8 36. Ra6 Rce3 37. Rxd6 Re2+ 38. Kg1 Rc2 39. Re6 Ra8
40. d6 Rd8 41. c5 Rc1+ 42. Kh2 1-0

[Event "Madrid ch 2021-2022 - Previa A"]
[Site "Madrid ESP"]
[Date "2022.03.15"]
[Round "5.14"]
[White "Jolani, Parnian"]
[Black "Lopez Heras, Arturo"]
[Result "0-1"]
[WhiteElo "1553"]
[BlackElo "1757"]
[PlyCount "70"]
[EventDate "2022.03.07"]
[EventType "swiss"]
[EventRounds "9"]
[EventCountry "ESP"]
[SourceTitle "Ajedrez en Madrid"]
[Source "lmi"]
[SourceDate "2022.03.07"]
[SourceVersion "1"]
[SourceVersionDate "2022.04.04"]
[SourceQuality "1"]

1. e4 g6 2. d4 d6 3. Nf3 Bg7 4. Be2 Nf6 5. Nc3 O-O 6. h3 Nc6 7. Be3 a6 8. Qd2
b5 9. a3 Bb7 10. d5 Nb8 11. Nd4 c5 12. Nf3 Nbd7 13. Rd1 Qc7 14. Nh2 b4 15. axb4
cxb4 16. Na2 a5 17. Bd3 Nxd5 18. Bh6 N5f6 19. Bxg7 Kxg7 20. f3 Qc5 21. Ng4 Qh5
22. Nf2 Qh6 23. Qe2 Nh5 24. Ng4 Qf4 25. Rg1 Rac8 26. Bc4 Ne5 27. Nxe5 Qxe5 28.
c3 Qc5 29. Kf1 Qxc4 30. Qxc4 Rxc4 31. cxb4 axb4 32. Rc1 Rfc8 33. Kf2 Nf4 34.
Ke3 Rxc1 35. Nxc1 Nxg2+ 0-1

[Event "Madrid ch 2021-2022 - Previa A"]
[Site "Madrid ESP"]
[Date "2022.03.15"]
[Round "5.15"]
[White "Amado Velazquez, Pedro"]
[Black "De Fuenmayor Fernandez de la , Carlos Pablo"]
[Result "0-1"]
[WhiteElo "1755"]
[BlackElo "1432"]
[PlyCount "49"]
[EventDate "2022.03.07"]
[EventType "swiss"]
[EventRounds "9"]
[EventCountry "ESP"]
[SourceTitle "Ajedrez en Madrid"]
[Source "lmi"]
[SourceDate "2022.03.07"]
[SourceVersion "1"]
[SourceVersionDate "2022.04.04"]
[SourceQuality "1"]

1. Nf3 Nf6 2. g3 d5 3. b3 Bg4 4. Bg2 Qd7 5. Ne5 Qf5 6. Nxg4 Nxg4 7. f3 Nf6 8.
Bb2 e5 9. d3 Bb4+ 10. Nd2 O-O 11. O-O Bc5+ 12. Kh1 Be3 13. c4 c6 14. b4 d4 15.
Qc2 Nbd7 16. Rfd1 h5 17. Nf1 h4 18. Nxe3 dxe3 19. g4 Qf4 20. d4 e4 21. fxe4
Nxg4 22. Kg1 Qf2+ 23. Kh1 h3 24. Rg1 Qf4 25. Bxh3 0-1

[Event "Madrid ch 2021-2022 - Previa A"]
[Site "Madrid ESP"]
[Date "2022.03.15"]
[Round "5.18"]
[White "Del Olmo Linares, Marco"]
[Black "Cujba, Anca-Claudia"]
[Result "0-1"]
[WhiteElo "1477"]
[BlackElo "1657"]
[PlyCount "112"]
[EventDate "2022.03.07"]
[EventType "swiss"]
[EventRounds "9"]
[EventCountry "ESP"]
[SourceTitle "Ajedrez en Madrid"]
[Source "lmi"]
[SourceDate "2022.03.07"]
[SourceVersion "1"]
[SourceVersionDate "2022.04.04"]
[SourceQuality "1"]

1. b3 c5 2. Bb2 Nc6 3. e4 d6 4. Nf3 Bg4 5. Bc4 e6 6. Nc3 a6 7. a4 Nd4 8. Be2
Nxe2 9. Nxe2 Nf6 10. Ng3 d5 11. h3 Bxf3 12. Qxf3 d4 13. O-O Bd6 14. Rae1 Be5
15. Qd3 Qc7 16. Bc1 h5 17. Ne2 g5 18. g3 h4 19. f4 gxf4 20. gxf4 Rg8+ 21. Kh1
Nd7 22. Qf3 Bd6 23. e5 Be7 24. Ng1 O-O-O 25. Ne2 Nb6 26. d3 Nd5 27. Rg1 Nb4 28.
Ba3 Nxc2 29. Rxg8 Rxg8 30. Rc1 Nxa3 31. Qf2 Qc6+ 32. Kh2 Qd5 33. Nxd4 Kb8 34.
Ne2 Qxb3 35. Nc3 Rg3 36. Ne4 Rxd3 37. Qf1 Qb2+ 38. Kh1 Rxh3+ 39. Qxh3 Qxc1+ 40.
Kg2 Qc2+ 41. Nf2 Qxa4 42. Qd3 Qc6+ 43. Kf1 Qb5 44. Qxb5 Nxb5 45. Ke2 Kc7 46.
Ng4 h3 47. Kf1 c4 48. Nh6 c3 49. Nf5 exf5 50. Ke2 a5 51. Kd3 h2 52. Kc4 h1=Q
53. e6 Qc6+ 54. Kd3 Qd5+ 55. Ke3 Qxe6+ 56. Kd3 Qe4# 0-1

[Event "Madrid ch 2021-2022 - Previa A"]
[Site "Madrid ESP"]
[Date "2022.03.15"]
[Round "5.19"]
[White "Mora Agudo, Jose Alberto"]
[Black "Blazquez Sanz, Oscar"]
[Result "0-1"]
[WhiteElo "1604"]
[BlackElo "1464"]
[PlyCount "132"]
[EventDate "2022.03.07"]
[EventType "swiss"]
[EventRounds "9"]
[EventCountry "ESP"]
[SourceTitle "Ajedrez en Madrid"]
[Source "lmi"]
[SourceDate "2022.03.07"]
[SourceVersion "1"]
[SourceVersionDate "2022.04.04"]
[SourceQuality "1"]

1. d4 Nf6 2. c4 g6 3. Nc3 Bg7 4. e4 d6 5. Nf3 O-O 6. Be2 e5 7. d5 Nbd7 8. O-O
Nc5 9. Qc2 a5 10. Be3 Na6 11. a3 c6 12. Rfd1 c5 13. Na2 Bd7 14. Nc3 Ng4 15. Bd2
f5 16. Ng5 Bh6 17. Ne6 Bxe6 18. Bxh6 Nxh6 19. dxe6 Qe7 20. Qd2 Kg7 21. Qxd6
Qxd6 22. Rxd6 Rab8 23. Rad1 Rfe8 24. Rd7+ Kg8 25. Nd5 Rxe6 26. exf5 gxf5 27.
Bh5 b5 28. cxb5 Rxb5 29. Nc7 Nxc7 30. Rxc7 Rf6 31. Rd8+ Rf8 32. Rdd7 Rf6 33.
Rb7 Rxb7 34. Rxb7 Rc6 35. Kf1 c4 36. Rb5 c3 37. bxc3 Rxc3 38. Rxa5 e4 39. a4
Ra3 40. Bd1 Kg7 41. g3 Ra1 42. Ke2 Kg6 43. Ra6+ Kg5 44. h4+ Kh5 45. Kd2+ Ng4
46. Rf6 Rxd1+ 47. Kxd1 Nxf6 48. a5 Nd5 49. Ke2 Nc7 50. f3 exf3+ 51. Kxf3 Kg6
52. Ke3 Kf6 53. Kd4 Ke6 54. Kc5 Kd7 55. a6 Nxa6+ 56. Kd5 f4 57. gxf4 Ke7 58.
Ke5 Kf7 59. h5 Nc5 60. Kf5 Nd7 61. Kg5 Kg7 62. h6+ Kf7 63. Kf5 Ke7 64. Kg5 Ke6
65. Kg4 Kf6 66. f5 Ne5+ 0-1

[Event "Madrid ch 2021-2022 - Previa A"]
[Site "Madrid ESP"]
[Date "2022.03.15"]
[Round "5.21"]
[White "Martin-Buitrago Lopez, Antonio"]
[Black "Martinez Miura, Enrique"]
[Result "1/2-1/2"]
[WhiteElo "1669"]
[BlackElo "1601"]
[PlyCount "87"]
[EventDate "2022.03.07"]
[EventType "swiss"]
[EventRounds "9"]
[EventCountry "ESP"]
[SourceTitle "Ajedrez en Madrid"]
[Source "lmi"]
[SourceDate "2022.03.07"]
[SourceVersion "1"]
[SourceVersionDate "2022.04.04"]
[SourceQuality "1"]

1. e4 e6 2. d4 d5 3. Nc3 dxe4 4. Nxe4 Nd7 5. Nf3 Be7 6. c3 Ngf6 7. Bd3 Nxe4 8.
Bxe4 Nf6 9. Bc2 O-O 10. O-O b6 11. Re1 Bb7 12. Bg5 Rc8 13. a4 a5 14. Qd3 g6 15.
Rad1 c5 16. Qe2 c4 17. Bh6 Re8 18. Ne5 Bd5 19. Qe3 Nd7 20. Qh3 Nxe5 21. dxe5
Qc7 22. f4 Qc5+ 23. Kh1 b5 24. f5 exf5 25. Bxf5 Be6 26. Bxe6 fxe6 27. Qxe6+ Kh8
28. Qf7 Bf8 29. Rd7 Re7 30. Rxe7 Qxe7 31. Qxe7 Bxe7 32. axb5 Rb8 33. g3 Rxb5
34. Re2 g5 35. h4 gxh4 36. gxh4 Bxh4 37. Bf8 Kg8 38. Ba3 Kf7 39. e6+ Ke8 40.
Re4 Be7 41. Rxc4 Bxa3 42. bxa3 Ke7 43. Rc7+ Kxe6 44. Rxh7 1/2-1/2

[Event "Madrid ch 2021-2022 - Previa A"]
[Site "Madrid ESP"]
[Date "2022.03.16"]
[Round "6.1"]
[White "Lopez de Turiso, Jose Angel"]
[Black "Armenteros Peral, Javier"]
[Result "1/2-1/2"]
[WhiteElo "1935"]
[BlackElo "1992"]
[PlyCount "41"]
[EventDate "2022.03.07"]
[EventType "swiss"]
[EventRounds "9"]
[EventCountry "ESP"]
[SourceTitle "Ajedrez en Madrid"]
[Source "lmi"]
[SourceDate "2022.03.07"]
[SourceVersion "1"]
[SourceVersionDate "2022.04.04"]
[SourceQuality "1"]

1. Nf3 d5 2. c4 e6 3. b3 Nf6 4. Bb2 Be7 5. e3 O-O 6. Nc3 c5 7. cxd5 Nxd5 8.
Nxd5 Qxd5 9. Bc4 Qd8 10. O-O Bf6 11. Bxf6 Qxf6 12. d4 cxd4 13. Qxd4 Qxd4 14.
Nxd4 Nd7 15. Rfd1 Nf6 16. Rac1 Bd7 17. Bb5 Rfd8 18. f3 Bxb5 19. Nxb5 Rxd1+ 20.
Rxd1 a6 21. Nd4 1/2-1/2

[Event "Madrid ch 2021-2022 - Previa A"]
[Site "Madrid ESP"]
[Date "2022.03.16"]
[Round "6.3"]
[White "Rodriguez Garcia, Jose Maria"]
[Black "Marcos Herrero, Francisco"]
[Result "1/2-1/2"]
[WhiteElo "1963"]
[BlackElo "1897"]
[PlyCount "32"]
[EventDate "2022.03.07"]
[EventType "swiss"]
[EventRounds "9"]
[EventCountry "ESP"]
[SourceTitle "Ajedrez en Madrid"]
[Source "lmi"]
[SourceDate "2022.03.07"]
[SourceVersion "1"]
[SourceVersionDate "2022.04.04"]
[SourceQuality "1"]

1. Nf3 c5 2. g3 Nc6 3. Bg2 g6 4. O-O Bg7 5. d3 Nf6 6. e4 d6 7. Nbd2 O-O 8. a4
Qc7 9. c3 b6 10. Re1 Bb7 11. Nc4 Rad8 12. Qe2 e5 13. Bg5 h6 14. Bxf6 Bxf6 15.
h4 Ne7 16. Nh2 Bg7 1/2-1/2

[Event "Madrid ch 2021-2022 - Previa A"]
[Site "Madrid ESP"]
[Date "2022.03.16"]
[Round "6.4"]
[White "Balsera Gomez, Antonio"]
[Black "Palomo Monserrat, Lorenzo"]
[Result "0-1"]
[WhiteElo "1414"]
[BlackElo "1645"]
[PlyCount "138"]
[EventDate "2022.03.07"]
[EventType "swiss"]
[EventRounds "9"]
[EventCountry "ESP"]
[SourceTitle "Ajedrez en Madrid"]
[Source "lmi"]
[SourceDate "2022.03.07"]
[SourceVersion "1"]
[SourceVersionDate "2022.04.04"]
[SourceQuality "1"]

1. e4 c5 2. Nc3 Nc6 3. f4 g6 4. Nf3 Bg7 5. Bb5 a6 6. Bxc6 dxc6 7. O-O Nf6 8. d3
O-O 9. h3 Nd7 10. Be3 b6 11. Qe1 Re8 12. Qf2 Nf8 13. g4 f5 14. gxf5 gxf5 15. e5
Ne6 16. Ne2 Rf8 17. Kh2 Bb7 18. Rg1 Kh8 19. Ng3 Qe8 20. Bd2 Rd8 21. Nh4 Nd4 22.
c3 Ne6 23. Ngxf5 Rxd3 24. Nxg7 Nxg7 25. Qe2 Qd7 26. Nf3 Rxf3 27. Qxf3 Qxd2+ 28.
Rg2 Qxf4+ 29. Qxf4 Rxf4 30. Rag1 Rf7 31. e6 Rf8 32. Rxg7 Rf2+ 33. R1g2 Rxg2+
34. Rxg2 Bc8 35. Re2 Kg7 36. Kg3 Kf6 37. a3 Bxe6 38. h4 Bd5 39. Kf4 c4 40. Re5
e6 41. Rg5 b5 42. h5 a5 43. h6 Be4 44. Rg7 Bf5 45. Rc7 Kg6 46. Rxc6 Kxh6 47.
Rb6 a4 48. Rxb5 Bc2 49. Rb6 Kh5 50. Rxe6 Bd3 51. Re1 Kg6 52. Rg1+ Kh5 53. Ke3
Bc2 54. Kd4 Bb3 55. Rg2 h6 56. Ke3 Kh4 57. Kf4 Kh3 58. Rg1 Kh2 59. Rc1 Kg2 60.
Kg4 Kf2 61. Kh5 Ke2 62. Kxh6 Kd2 63. Rh1 Kc2 64. Rh2+ Kc1 65. Kg5 Bc2 66. b4
axb3 67. a4 b2 68. a5 b1=Q 69. Rh1+ Bd1 0-1

[Event "Madrid ch 2021-2022 - Previa A"]
[Site "Madrid ESP"]
[Date "2022.03.16"]
[Round "6.5"]
[White "Sotoca Aguado, Jose"]
[Black "Hernandez Gutierrez, Jose"]
[Result "1/2-1/2"]
[WhiteElo "1819"]
[BlackElo "1732"]
[PlyCount "92"]
[EventDate "2022.03.07"]
[EventType "swiss"]
[EventRounds "9"]
[EventCountry "ESP"]
[SourceTitle "Ajedrez en Madrid"]
[Source "lmi"]
[SourceDate "2022.03.07"]
[SourceVersion "1"]
[SourceVersionDate "2022.04.04"]
[SourceQuality "1"]

1. e4 c6 2. d4 d5 3. Nc3 dxe4 4. Nxe4 Bf5 5. Ng3 Bg6 6. Nf3 Nd7 7. h4 h6 8. Bd3
Bxd3 9. Qxd3 e6 10. Bf4 Qa5+ 11. Bd2 Bb4 12. c3 Be7 13. O-O Ngf6 14. c4 Qc7 15.
Bc3 O-O 16. Rad1 Rad8 17. Qe2 Rfe8 18. Rd2 a6 19. Rfd1 b5 20. b3 Bf8 21. Ne5
Nxe5 22. dxe5 Nd7 23. f4 Be7 24. h5 Nf8 25. Ne4 Rxd2 26. Rxd2 Rd8 27. Bd4 Bb4
28. Bc3 Be7 29. c5 Rxd2 30. Qxd2 Nd7 31. b4 Nb8 32. Nd6 Nd7 33. Qd3 Nf8 34. f5
exf5 35. Qxf5 Bg5 36. Qf3 Qd7 37. Qf5 Qxf5 38. Nxf5 Ne6 39. g3 Bd8 40. Kf2 Kf8
41. Ke3 Bg5+ 42. Ke4 Bc1 43. Nd6 Bg5 44. Kf5 Bc1 45. Ne4 Be3 46. Nd6 Bc1
1/2-1/2

[Event "Madrid ch 2021-2022 - Previa A"]
[Site "Madrid ESP"]
[Date "2022.03.16"]
[Round "6.6"]
[White "Fernandez Garcia, Ignacio"]
[Black "Gueler Berdasco, Martin"]
[Result "0-1"]
[WhiteElo "1844"]
[BlackElo "1957"]
[PlyCount "94"]
[EventDate "2022.03.07"]
[EventType "swiss"]
[EventRounds "9"]
[EventCountry "ESP"]
[SourceTitle "Ajedrez en Madrid"]
[Source "lmi"]
[SourceDate "2022.03.07"]
[SourceVersion "1"]
[SourceVersionDate "2022.04.04"]
[SourceQuality "1"]

1. e4 c5 2. Nf3 d6 3. Bc4 Nf6 4. e5 dxe5 5. Nxe5 e6 6. Qe2 Be7 7. Nc3 O-O 8. d3
a6 9. a4 b6 10. O-O Bb7 11. Nxf7 Rxf7 12. Bxe6 Nc6 13. Re1 Nd4 14. Bxf7+ Kxf7
15. Qd1 Kg8 16. Bg5 h6 17. Bxf6 Bxf6 18. Ne4 Ne6 19. Qg4 Nf8 20. c3 Bc6 21. Re3
Ra7 22. Rae1 Rf7 23. f4 Bxa4 24. Nxf6+ Qxf6 25. g3 Bd7 26. Qe2 Bb5 27. c4 Bc6
28. Re5 Kh7 29. Qe3 Bb7 30. Re7 Qxb2 31. Qf2 Qf6 32. Rxf7 Qxf7 33. Qe3 Qf6 34.
Qe5 Qc6 35. Qe4+ Qxe4 36. Rxe4 Bxe4 37. dxe4 Kg6 38. Kf2 Kf6 39. Ke3 b5 40.
cxb5 axb5 41. g4 b4 42. h4 c4 43. g5+ hxg5 44. hxg5+ Ke6 45. Kd4 c3 46. f5+ Ke7
47. Kd3 Nd7 0-1

[Event "Madrid ch 2021-2022 - Previa A"]
[Site "Madrid ESP"]
[Date "2022.03.16"]
[Round "6.7"]
[White "De Dompablo Fantova, Juan"]
[Black "Camarero Izquierdo, Juan Carlos"]
[Result "1-0"]
[WhiteElo "1670"]
[BlackElo "1861"]
[PlyCount "85"]
[EventDate "2022.03.07"]
[EventType "swiss"]
[EventRounds "9"]
[EventCountry "ESP"]
[SourceTitle "Ajedrez en Madrid"]
[Source "lmi"]
[SourceDate "2022.03.07"]
[SourceVersion "1"]
[SourceVersionDate "2022.04.04"]
[SourceQuality "1"]

1. e4 c5 2. Nc3 d6 3. f4 e6 4. Nf3 a6 5. d3 Nc6 6. Be2 b5 7. O-O b4 8. Na4 Bd7
9. b3 Nf6 10. Qe1 a5 11. Qg3 Qc7 12. Bb2 Nd4 13. Bd1 Nxf3+ 14. Bxf3 Bxa4 15.
bxa4 Rd8 16. Rad1 Qd7 17. Bxf6 gxf6 18. d4 c4 19. d5 e5 20. fxe5 dxe5 21. Bg4
Qd6 22. Rf3 Bh6 23. Qh3 Bg5 24. Qh5 Qc5+ 25. Kh1 Rd6 26. h4 Be3 27. Rdf1 Qb6
28. Be6 Rf8 29. Rxf6 Bf4 30. Rxf7 Rxe6 31. Rb7+ Kd8 32. Rxb6 Rxb6 33. g3 Rh6
34. Qe2 Rg8 35. Rg1 Bxg3 36. Rg2 Rxh4+ 37. Kg1 Bh2+ 38. Kf1 Rf4+ 39. Ke1 Bg3+
40. Kd1 Rgf8 41. Qxc4 Rf1+ 42. Ke2 Re1+ 43. Kd2 1-0